| 000 | 00576nam a2200181 i 4500 | ||
|---|---|---|---|
| 001 | 62229 | ||
| 003 | ES-MaACL | ||
| 005 | 20230906164630.0 | ||
| 007 | t| | ||
| 008 | 031119s1972 sp ||||1| spa d | ||
| 100 | 1 |
_aFedotiev, N. P. _949081 |
|
| 245 | 1 | 0 |
_aElectropulido y anodización de metales / _cN.P. Fedotiev, S.Y. Grilijes ; versión F. Palau Siurana. |
| 260 |
_aBarcelona : _bGustavo Gili, _c[1972] |
||
| 300 |
_a270 p., 1 lám. : _bil. ; _c21 cm. |
||
| 700 | 1 |
_aGrilijes, S. Y. _960028 |
|
| 700 | 1 |
_aPalau Siurana, F. _988502 |
|
| 852 |
_aES-MaACL _jC-43375 _bR.83225 |
||
| 999 |
_c62229 _d62229 |
||